000 00222nam a22001217a 4500
020 _a9780138207208
041 _aeng
080 _a30
090 _bGOO
100 _aGoode, Erich.
245 _aSociology.
999 _c282049
_d282049
942 _cBK